000 00527ntaaa2200193 4500
003 01
005 20251027202203.0
008 0714s1973 ag 01
040 _aAR-BaBN
_bspa
_cAR-BaBN
_eaacr
_dRIC
082 _a267.4000 B63bt
100 _aBock, Betty
245 _aTeaching guide Baptist young women leader manual
250 _a1 ed.
260 _aBirmingham, Ala. :
_bWoman's Missionary Union,
_c1970
300 _a40 p
650 _asociedad femenil misionera
_910447
650 _aauxiliar de seƱoritas
942 _cBK
999 _c16808
_d16808